| 000 | 00426nam a2200157Ia 4500 | ||
|---|---|---|---|
| 003 | IN-BaIIA | ||
| 008 | 211028s9999 xx 000 0 eng d | ||
| 040 | _cIIA Library | ||
| 080 |
_a519.2 _bMAN |
||
| 100 |
_aMandel, John _94513 |
||
| 245 | 4 |
_aThe statistical analysis of experimental data _cJohn Mandel |
|
| 260 |
_aNew York _bWiley & Sons _c1964 |
||
| 300 | _axi, 410p. | ||
| 650 |
_aStatistical analysis. _91599 |
||
| 942 | _cBK | ||
| 999 |
_c2530 _d2530 |
||